| 000 | 00387nam a22001217a 4500 | ||
|---|---|---|---|
| 082 | _a200 THE | ||
| 100 |
_aSidra Naeem _970370 |
||
| 245 | _aTH-SOF-1164-Detection of Melanoma in Dermoscopy Images - Using Local Binary Patterns | ||
| 260 |
_aISLAMABAD _bNUST COLLEGE OF EME _c2015 |
||
| 650 |
_aMS-COMPUTER ENGINEERING-77 MSTHESIS _969779 |
||
| 700 |
_aDr. Farhan Riaz _929350 |
||
| 942 | _cBK | ||
| 999 |
_c577356 _d577356 |
||